000 00904nam a2200265 a 4500
001 1445
003 BR-CuiBMT
005 20231210170451.0
008 231210s2010 dfba 000 0 por d
020 _a9788525600707
040 _aBR-CuiBMT
_cBR-CuiBMT
080 _a35:001.87
_x(075.4)
_22007
090 _a35:001.87(075.4)
_bG738c
100 1 _aGraham, Andrew
245 1 0 _aComo escrever e usar estudos de caso para ensino e aprendizagem no setor público /
_cAndrew Graham.
260 _aBrasília :
_bENAP,
_c2010.
300 _a212 p. :
_bil. ;
_c30 cm
490 1 _aColeção ENAP ; Estudos de caso.
504 _aInclui bibliografia.
650 _aAdministração pública
_xEstudo de caso
_xEnsino e aprendizagem
650 _aQualificação profissional
_xEstudo e ensino
650 _aSetor público
_xTreinamento
_xAprendizagem
830 0 _aENAP ;
_pEstudos de caso
942 _2udc
_cLV
999 _c1445
_d1445